Teoretické aspekty regulácie prirodzených monopolov

Regulácia prirodzených monopolov. Charakteristika základných pojmov. Monopol a prirodzený monopol. Regulácia v sieťových odvetviach. Zlyhanie trhu a potreba regulácie.

Na minha lista:
Detalhes bibliográficos
Autor principal: Michalcová, Zuzana, 1984-
Formato: Capítulo de Livro
Idioma:eslovaco
Assuntos:
Tags: Adicionar Tag
Sem tags, seja o primeiro a adicionar uma tag!

MARC

LEADER 00000nla$a2200000$$$4500
001 0116350
005 20240502083305.1
041 0 |a slo 
044 |a CZ 
245 1 0 |a Teoretické aspekty regulácie prirodzených monopolov  |c Zuzana Michalcová 
520 |a Regulácia prirodzených monopolov. Charakteristika základných pojmov. Monopol a prirodzený monopol. Regulácia v sieťových odvetviach. Zlyhanie trhu a potreba regulácie. 
610 2 0 |a monopoly prirodzené 
610 2 0 |a oligopoly 
610 2 0 |a regulácia 
610 2 0 |a ceny 
610 2 0 |a legislatíva 
610 2 0 |a odvetvia sieťové 
610 2 0 |a elektrina 
610 2 0 |a plyn 
610 2 0 |a teplo 
100 1 |a Michalcová, Zuzana, 1984-